[Event "Dortmund SuperGM 35th"]
[Site "Dortmund"]
[Date "2007.06.30"]
[Round "6"]
[White "Anand, Viswanathan"]
[Black "Alekseev, Evgeny V"]
[Result "1/2-1/2"]
[WhiteElo "2786"]
[BlackElo "2679"]
[Annotator "Ftacnik,L"]
[PlyCount "86"]
[EventDate "2007.06.23"]
[EventType "tourn"]
[EventRounds "7"]
[EventCountry "GER"]
[EventCategory "20"]
[SourceTitle "CBM 119"]
[Source "ChessBase"]
[SourceDate "2007.08.01"]
[SourceVersion "1"]
[SourceVersionDate "2007.08.01"]
[SourceQuality "1"]

1. e4 e5 2. Nf3 Nf6 3. Nxe5 d6 4. Nf3 Nxe4 5. Nc3 Nxc3 6. dxc3 Be7 7. Be3 O-O
8. Qd2 Nd7 9. O-O-O Ne5 10. h4 b6 {Alekseev is bravely introducing a new way
of handling the problem in the fashionable 10.h4 line.} 11. Nd4 (11. Nxe5 dxe5
12. Bd3 Be6 13. Qe2 Qe8 $11) 11... Bb7 (11... Bxh4 12. g3 Bf6 13. Bg2 d5 14.
Bf4 Bb7 15. Nf5 $13) 12. Bg5 $1 Bf6 (12... Bxg5 $2 13. hxg5 Qd7 14. f4 $16) (
12... h6 13. Bxe7 Qxe7 14. f4 Nc6 15. Re1 Qf6 $11) 13. Qf4 Ng6 14. Qf5 (14.
Bxf6 Nxf4 15. Bxd8 Raxd8 16. Rg1 Ne6 $11) 14... Bxg5+ (14... Nxh4 $2 15. Bxf6
Nxf5 16. Bxd8 Nxd4 17. Bxc7 $16) 15. hxg5 Re8 {The whole opening idea for
Black would have been perfect had there been the precise move 15...Qc8!?} (
15... Qc8 $5 16. Qxc8 Raxc8 17. Rh2 Rce8 18. Bd3 f6 $11) 16. Qg4 (16. Bc4 $5
Qe7 (16... d5 17. Nf3 c6 18. Qh3 $16) 17. Rhe1 Qf8 18. Qh3 $14) 16... Nf8 $2 {
This passive move is not a critical inaccuracy, but certainly not a good
choice.} (16... c5 $5 17. Nb5 (17. Nf5 Bc8 18. Bd3 Ne5 19. Qf4 Ng6 20. Qxd6
Qxg5+ 21. Ne3 Be6 $11) 17... d5 18. Bd3 a6 19. Na3 b5 20. Kb1 Qe7 $11) 17. Bb5
$1 Re4 18. f4 g6 (18... Qc8 19. Nf5 Qe6 20. Bd3 $16) 19. Bd3 Re3 20. f5 c5 (
20... Qe7 21. Kb1 $14) 21. Ne2 {[%mdl 128] Anand should have been brave and
tested the tempting attack after 21.fxg6!? It is not a winning idea, but with
best play White could have kept some advantage.} (21. Nf3 Qe7 22. Kb1 $16) (21.
fxg6 $5 fxg6 (21... cxd4 22. gxf7+ Kxf7 (22... Kg7 23. Qxd4+ (23. cxd4 $6 Qe7
24. Qf5 Rxd3 25. Rxd3 Qxf7 26. Qxf7+ Kxf7 27. Rf1+ $14) 23... Re5 24. Rh5 Rc8 (
24... Bxg2 25. Qh4 $1 $18) 25. Qh4 $18) 23. Qf5+ Kg8 (23... Ke7 24. Bb5 $18)
24. Rxh7 Re7 25. Bc4+ d5 26. Rxe7 Qxe7 27. Bxd5+ Kg7 28. Qf6+ Qxf6 29. gxf6+
Kxf6 30. Bxb7 $16) 22. Nb5 (22. Nf3 Qe7 23. Bc4+ $14) 22... d5 23. Qf4 Qe7 24.
Nd6 $14) 21... c4 $5 {Black is fighting hard with complicated tactics in the
moment, when the simple swap on f5 was quite a safe option.} (21... gxf5 $5 22.
Qxf5 (22. Bxf5 Rxe2 23. Bxh7+ Nxh7 24. Qxe2 Qxg5+ 25. Kb1 Nf8 $15) 22... Re5
23. Qf2 Qxg5+ 24. Kb1 Rae8 $11) 22. fxg6 (22. Qxc4 Qxg5 23. Kb1 Rae8 $11) (22.
Bxc4 Re4 23. Qf3 Qxg5+ 24. Kb1 Qxf5 25. Qxf5 gxf5 26. Nd4 $11) 22... cxd3 23.
gxf7+ Kxf7 (23... Kg7 $2 24. Ng3 $1 Re5 25. Nf5+ Kxf7 26. Rxd3 $16) 24. g6+ $6
(24. Qf4+ Kg8 25. Qxe3 dxe2 26. Qxe2 Qxg5+ 27. Kb1 Kh8 $11) 24... hxg6 (24...
Nxg6 $2 25. Rxh7+ Kf6 26. Qd4+ Re5 27. Rf1+ $18) 25. Qf4+ Qf6 26. Qxe3 dxe2 27.
Qxe2 Re8 (27... Qg5+ 28. Kb1 Qxg2 $2 29. Qc4+ Kg7 30. Qd4+ $18) 28. Qc4+ Kg7
29. Rdf1 $6 {Anand must have been somewhat frustrated by the outcome of his
attacking efforts. Objectively the best move was swapping the pesky rook and
looking for counterplay on the queenisde.} (29. Rhe1 $1 Rxe1 30. Rxe1 Bxg2 31.
Qc7+ Kh6 32. Qxa7 Qf2 33. Qe7 Nd7 $11) 29... Qg5+ 30. Kb1 Bd5 (30... Ne6 $5 31.
Re1 b5 32. Qd3 Bxg2 33. Rh2 $13) 31. Qd4+ Re5 32. Rf2 Qe3 $6 (32... Ne6 $1 33.
Qa4 Qe7 $15) 33. Qxe3 Rxe3 34. Rd1 Be6 35. c4 $6 {The final phase of the game
was not played with any accuracy. White uses tactics to free his pawn mass,
but the simple swap of the rooks was probably safer.} (35. Kc1 $1 d5 36. Kd2
Re4 37. Re1 $11) 35... Bxc4 (35... Bg4 36. Rdf1 Nd7 $17) 36. b3 Be6 37. Rxd6
Bf5 (37... Nd7 38. Kb2 Nf6 39. Rc6 Ne8 $15) 38. Kb2 Nh7 39. Rdd2 Re7 40. Rfe2
Rc7 (40... Rxe2 $2 41. Rxe2 $11) 41. c4 Nf6 42. Rd4 Kh6 43. a4 Kg5 $15 {
Black could have played on without any risk...} 1/2-1/2

[Event "Candidates FIDE sf1"]
[Site "Sanghi Nagar"]
[Date "1994.??.??"]
[Round "8"]
[White "Kamsky, Gata"]
[Black "Anand, Viswanathan"]
[Result "1/2-1/2"]
[WhiteElo "2695"]
[BlackElo "2720"]
[Annotator "Ftacnik,L"]
[PlyCount "66"]
[EventDate "1994.07.??"]
[EventType "match"]
[EventRounds "8"]
[EventCountry "IND"]
[SourceTitle "CBM 042"]
[Source "ChessBase"]
[SourceDate "1994.10.01"]
[SourceVersion "1"]
[SourceVersionDate "1994.10.01"]
[SourceQuality "1"]

1. e4 e5 2. Nf3 Nf6 3. Nxe5 d6 4. Nf3 Nxe4 5. d4 d5 6. Bd3 Nc6 7. O-O Be7 8. c4
Nb4 9. Be2 Be6 10. Nc3 O-O 11. Be3 Bf5 12. Rc1 dxc4 13. Bxc4 c6 14. Ne5 Nxc3
15. bxc3 Nd5 16. Qf3 (16. Qb3 $6 f6 $1 17. Nf3 b5 18. Be2 Kh8 19. Bd2 Nb6 $6
20. Rfe1 Qd7 21. c4 bxc4 22. Bxc4 Nxc4 23. Qxc4 Rfc8 24. Nh4 Bf8 $10 {Georgiev,
Ki-Ivanchuk,V/Debrecen/1992/0.5 (36)}) (16. Re1 $2 Ba3 17. Qf3 Bxc1 18. Bxc1
Be6 19. Bd3 Qa5 20. Bd2 Qxa2 21. Bg5 Qa5 22. Qh5 f5 23. Bd2 Rae8 24. h3 Qd8 25.
Rb1 $17 {Timman,J-Bareev,E/Linares (10)/1993/0-1 (52)}) 16... Be6 17. Rfe1 (17.
Bd3 Bd6 18. Bd2 Qh4 $1 19. Rfe1 Nf6 20. a4 Ng4 $1 21. Bf4 Nxe5 22. Bxe5 Bd5 23.
Qf5 Bxe5 24. Rxe5 g6 25. Qd7 $36 {Huebner,R-Timman,J/Sarajevo (m/4)/1991/0.5 
(61)}) (17. Bd2 Bg5 18. Bxg5 {Khalifman,A-Christiansen,L/BL 9192/1992/0.5 (18)}
) 17... Nxe3 18. Qxe3 (18. Bxe6 $2 fxe6 19. Qxe3 Bg5 20. Qh3 Bxc1 21. Qxe6+ Kh8
22. Rxc1 Qf6 $17) (18. fxe3 Bxc4 19. Nxc4 Qd5 20. Qxd5 cxd5 $10) 18... Bxc4 19.
Nxc4 Bf6 20. Rb1 b6 (20... Qd5 21. Ne5) 21. Qf3 Rc8 22. Ne3 (22. Rbd1 g6 23. d5
cxd5 24. Rxd5 Qc7) 22... g6 23. d5 Bg5 $1 (23... cxd5 24. Nxd5 Kg7 25. Red1 Rc6
26. Nxb6) 24. dxc6 Bxe3 25. Rxe3 Qd6 26. Rd1 Qxc6 27. Qxc6 Rxc6 28. Rd7 Rfc8
29. Ree7 (29. Rxa7 Rxc3 $10) 29... Rxc3 30. h3 Rf8 31. Rxa7 Rc1+ 32. Kh2 Rc6
33. Reb7 Rf6 1/2-1/2

[Event "Toronto1"]
[Site "Toronto"]
[Date "1990.??.??"]
[Round "2"]
[White "Nickoloff, Bryon"]
[Black "Hebert, Jean"]
[Result "1-0"]
[WhiteElo "2435"]
[BlackElo "2405"]
[Annotator "Ftacnik,L"]
[PlyCount "55"]
[EventDate "1990.04.??"]
[EventType "tourn"]
[EventRounds "11"]
[EventCountry "CAN"]
[EventCategory "9"]
[SourceTitle "CBM 020"]
[Source "ChessBase"]
[SourceDate "1991.02.01"]
[SourceVersion "1"]
[SourceVersionDate "1991.02.01"]
[SourceQuality "1"]

1. d4 d5 2. c4 dxc4 3. e3 e5 4. Bxc4 exd4 5. exd4 Nf6 6. Nf3 Be7 7. Nc3 (7. O-O
O-O 8. Ne5 Nc6 9. Nxc6 bxc6 10. Nc3 Qd6 11. h3 Rb8 12. b3 Be6 13. Bxe6 Qxe6 14.
Be3 $14 {Stohl,I-Polgar,Zsu/Stara Zagora zt/1990/ ->CBM 17}) 7... O-O 8. O-O
Nbd7 (8... Bg4 9. Be3 Nc6 10. h3 Bxf3 11. Qxf3 Nxd4 12. Qxb7 $14) 9. Re1 Nb6
10. Bb3 c6 (10... Bg4 11. h3 Bxf3 12. Qxf3 $14) 11. Bg5 Bf5 12. Nh4 $5 Bg4 (
12... Bg6 $5) 13. Bxf6 $1 Bxf6 (13... Bxd1 14. Bxe7 Qd7 15. Raxd1 Rfe8 16. Bc5
$16) 14. Qxg4 Bxh4 15. Rad1 Bf6 (15... Be7 16. Re3 $40) 16. Ne4 Be7 (16... Bxd4
$2 17. Ng5 c5 18. Qh5) 17. Nc5 Bd6 18. Re3 (18. Nxb7 Bxh2+ 19. Kxh2 Qc7+ 20.
Kg1 Qxb7 $14) 18... Qc7 19. Ne4 Be7 (19... Bxh2+ 20. Kh1 Bd6 21. Nf6+ Kh8 22.
Nxh7 $18) 20. Rh3 Rad8 21. Rdd3 g6 22. Rh6 Qd7 23. Qf4 (23. Rxg6+ Kh8 $1 (23...
hxg6 24. Qxg6+ Kh8 25. Qh6+ Kg8 26. Rg3+) 24. Qxd7 Rxd7 $132) 23... Nd5 24.
Bxd5 Qxd5 (24... cxd5 25. Rdh3 f5 26. Rxh7 dxe4 27. Qh6 $18) 25. Rxh7 g5 (25...
Kxh7 26. Rh3+ Qh5 27. Rxh5+ gxh5 $18) 26. Nf6+ Bxf6 27. Qxf6 Kxh7 28. Rh3+ {
Ftacnik,L} 1-0

[Event "Cannes NAO Masters"]
[Site "Cannes"]
[Date "2002.03.03"]
[Round "9"]
[White "Fressinet, Laurent"]
[Black "Gelfand, Boris"]
[Result "0-1"]
[WhiteElo "2591"]
[BlackElo "2703"]
[Annotator "Ftacnik,L"]
[PlyCount "72"]
[EventDate "2002.02.22"]
[EventType "tourn"]
[EventRounds "9"]
[EventCountry "FRA"]
[EventCategory "18"]
[SourceTitle "CBM 088"]
[Source "ChessBase"]
[SourceDate "2002.03.21"]
[SourceVersion "1"]
[SourceVersionDate "2002.03.21"]
[SourceQuality "1"]

1. e4 {Wells} e5 2. Nf3 Nf6 3. Nxe5 d6 4. Nf3 Nxe4 5. d4 d5 6. Bd3 Bd6 7. O-O
O-O 8. c4 c6 9. Re1 Bf5 10. Qb3 Na6 11. cxd5 (11. Nc3 dxc4 12. Bxc4 Nxc3 13.
bxc3 b5 14. Bf1 Nc7 $11) 11... cxd5 12. Nc3 Be6 13. a3 (13. Qxb7 Nb4 14. Bxe4
Rb8 15. Qxa7 Ra8 $11) 13... Nc7 14. Qc2 f5 15. Ne5 Rc8 16. Bf4 (16. f3 $5)
16... g5 $5 {'!' Wells. In this system black simply lives mainly from the
activity of his own centralized pieces. For this simple reason he is not
afraid to play such a committing move as 16...g5!? Wells: 'Undermining white's
knight. At the expense of his dark-squared bishop all black's other forces
enjoy a new lease of life.'} 17. Bd2 Na6 {'!' Wells.} 18. Qd1 Bxe5 {'!' Wells.}
(18... Qb6 19. Nf3 g4 20. Ng5 Nxg5 21. Bxg5 Nc7 22. Be2 $11) 19. dxe5 Nac5 (
19... Qb6 $2 20. Bxe4 fxe4 21. Be3 Qxb2 22. Nxd5 $16) 20. Bc2 (20. Nxe4 fxe4 (
20... Nxd3 $2 21. Bxg5 $16) (20... dxe4 21. Bc2 Rf7 22. Be3 $11) 21. Bc2 Nd7
22. Bc3 $11) 20... Nxd2 21. Qxd2 d4 $1 {[%mdl 32] The central "d" pawn can not
be underestimated, Fressinet will need to use great deal of phantasy for
holding balance.} 22. Na4 (22. Nb5 d3 23. Bd1 Ne4 24. Qe3 d2 25. Re2 Qb6 (25...
Bc4 26. Bb3 Qd5 27. Nc3 Nxc3 28. Rxd2 (28. Qxg5+ Kh8 29. Rxd2 Qxe5 30. Bxc4 Ne4
$19) 28... f4 29. Bxc4 fxe3 30. Bxd5+ Nxd5 31. Rxd5 Rxf2 32. e6 $15) 26. Qxb6
axb6 27. Nc3 Nxc3 28. bxc3 Rfd8 $19) 22... Nb3 {Wells: 'and while white was
able to create some confusion with the advance of his passed e-pawn, it was
the d4 pawn and the light squared bishop, the joint beneficiaries of the
excellent 16...g5! which won the day. Really a very graphic example of a
position simply springing into life.'} 23. Bxb3 Bxb3 24. e6 $1 Re8 (24... Qe8
25. e7 Rf7 26. Qxg5+ (26. Nc5 Rxc5 27. Qb4 Rxe7 28. Qxb3+ Qf7 29. Qb4 $44)
26... Kh8 (26... Rg7 27. Qxf5 Bxa4 28. Qd5+ Kh8 29. Qxd4) 27. Qf4 Bxa4 28.
Qxd4+ Rg7 29. g3 Bc6 $15) 25. e7 Rxe7 26. Qxg5+ $6 {White his complicating his
own life, elimination of the central pawn was much better.} (26. Rxe7 Qxe7 27.
Qxd4 Rd8 28. Qc3 $1 (28. Qxa7 Qe2 29. h3 (29. Nc3 Qxb2 $19) 29... Rd1+ 30. Rxd1
Qxd1+ 31. Kh2 Bxa4 $19) 28... Bxa4 29. Qc4+ Kh8 30. Qxa4 Qe2 31. Rf1 $11) 26...
Rg7 27. Qxd8+ Rxd8 28. Nc5 Bd5 29. g3 Rc7 30. Nd3 (30. Rac1 Rdc8 31. Nd3 Rxc1
32. Nxc1 (32. Rxc1 $2 Rxc1+ 33. Nxc1 Bc4 34. b3 d3 $1 $19) 32... Rc2 $17) 30...
Be4 31. Rad1 Rc2 32. b4 $2 {In the defense under pressure all players are
prone to make mistakes, white has missed the importance of the e2 square.} (32.
Kf1 $1 Bxd3+ 33. Rxd3 Rxb2 34. Red1 $11) 32... Bf3 33. Rc1 (33. Ra1 Be2 34. Nf4
Bc4 $19) 33... Rxc1 34. Rxc1 Be2 35. Nb2 d3 36. Re1 Rc8 $1 0-1

[Event "WCC cand"]
[Site "Cazorla"]
[Date "1998.06.03"]
[Round "8"]
[White "Shirov, Alexei"]
[Black "Kramnik, Vladimir"]
[Result "1/2-1/2"]
[WhiteElo "2710"]
[BlackElo "2790"]
[Annotator "Ftacnik,L"]
[PlyCount "36"]
[EventDate "1998.05.24"]
[EventType "match"]
[EventRounds "9"]
[EventCountry "ESP"]
[SourceTitle "CBM 065"]
[Source "ChessBase"]
[SourceDate "1998.08.06"]
[SourceVersion "1"]
[SourceVersionDate "1998.08.06"]
[SourceQuality "1"]

{[%mdl 288]} 1. e4 e5 2. Nf3 Nf6 3. Nxe5 d6 4. Nf3 Nxe4 5. Qe2 {This was a
shock for Kramnik as well as for the fans, but honestly: "Do you know any
safer method to make the coveted draw with white?"} Qe7 6. d3 Nf6 7. Nc3 Qxe2+
8. Bxe2 g6 (8... Be7 9. O-O Nc6 (9... O-O 10. Re1 Re8 11. Bg5 Kf8 12. Bf1 c6
13. Ne4 Nxe4 {1/2-1/2 Ivanovic,B-Gulko,B/Manila izt/1990/}) 10. Nb5 Kd8 11. Bd2
Bd7 12. Rfe1 h6 13. h3 Re8 14. Bf1 a6 15. Nc3 Bf8 16. Rxe8+ Bxe8 17. a3 Bd7 18.
Re1 Be6 19. g3 Kd7 20. Bg2 Re8 21. Ne2 {1/2-1/2 Forintos,G-Kholmov,R/Moscow/
1975/}) (8... c6 9. O-O Na6 10. Re1 Nc7 11. Nd4 Ne6 12. Bf3 Bd7 13. Be3 d5 14.
Re2 Bb4 15. Na4 O-O 16. Nxe6 Bxe6 17. Bc5 Bxc5 18. Nxc5 Bc8 19. Rae1 b6 20. Nb3
Bd7 21. Re5 Rfe8 22. Rxe8+ {1/2-1/2 Ivanovic,B-Jussupow,A/Erevan olm/1996/}) 9.
Nd4 (9. O-O Bg7 10. Nb5 Na6 11. d4 O-O 12. c3 Bg4 13. Re1 Rfe8 14. Bf4 Nd5 15.
Bd2 {1/2-1/2 Hazai,L-Petran,P/HUN-ch/1979/}) 9... a6 (9... Bg7 10. Ndb5 Kd8 11.
Bg5 Be6 12. Bf3 $14) 10. h3 (10. Bg5 $5 Nbd7 11. O-O-O Bg7 12. Rhe1 O-O 13. Bf3
$14) 10... Bg7 11. g4 Bd7 $1 {Black needs to finish his development and
combine it with exchange of active white pieces.} (11... Nc6 12. Nxc6 bxc6 13.
Bf3 $14) 12. Bf3 Nc6 13. Nxc6 (13. Be3 $2 Nxg4 $1 14. Nxc6 Nxe3 15. fxe3 Bxc6
$17) 13... Bxc6 (13... bxc6 $6 14. Be3 $14) 14. Bxc6+ bxc6 15. Bd2 h5 16. g5 (
16. Rg1 $2 hxg4 17. hxg4 Nxg4 $17) 16... Nd5 17. Nxd5 cxd5 18. O-O-O Kd7 {
The position is pretty equal, but it was still possible to try a bit longer.} (
18... Rb8 19. c3 Kd7 $11) (18... Kd7 19. f4 {/\ f4-f5}) 1/2-1/2

[Event "FIDE-Wch k.o."]
[Site "New Delhi/Teheran"]
[Date "2000.12.15"]
[Round "6.4"]
[White "Grischuk, Alexander"]
[Black "Shirov, Alexei"]
[Result "1/2-1/2"]
[WhiteElo "2606"]
[BlackElo "2746"]
[Annotator "Ftacnik,L"]
[PlyCount "70"]
[EventDate "2000.11.27"]
[EventType "k.o."]
[EventRounds "7"]
[EventCountry "IND"]
[SourceTitle "CBM 080"]
[Source "ChessBase"]
[SourceDate "2001.01.25"]
[SourceVersion "1"]
[SourceVersionDate "2001.01.25"]
[SourceQuality "1"]

1. e4 e5 2. Nf3 Nf6 3. Nxe5 d6 4. Nf3 Nxe4 5. d4 d5 6. Bd3 Bd6 7. O-O O-O 8. c4
c6 9. cxd5 cxd5 10. Nc3 Nxc3 11. bxc3 Bg4 12. Rb1 Nd7 13. h3 Bh5 14. Rb5 Nb6
15. c4 Bxf3 16. Qxf3 dxc4 17. Bc2 Qd7 18. a4 g6 19. Be3 Rac8 20. Rfb1 c3 21. a5
Nc4 22. Rxb7 Qe6 (22... Rc7 23. a6 (23. Bh6 Re8 24. Rxc7 Qxc7 25. Qxc3 Na3 26.
Re1 Rb8 27. Qxc7 Bxc7 28. Re7 {1-0 Motylev,A-Ristic,N/Novi Sad/2000/ (47)})
23... Nxe3 $2 (23... Nd2 24. Bxd2 cxd2 25. Qe3 Qc6 26. Rxc7 Bxc7 27. Qxd2 Qxa6
{1/2-1/2 Lukacs,P-Galyas,M/Budapest 2000/ (27)}) 24. fxe3 Rfc8 25. Kh1 $5 (25.
e4 Bf8) 25... Bf8 $2 (25... Kg7 26. Rf1 Qe7 27. e4 f6 $11) 26. Rf1 $16 {
1/2-1/2 De Firmian,N-Rozentalis,E/Hamburg/1999/ (55)}) 23. Bb3 (23. Rc1 Nxe3
24. fxe3 Rc7 25. Bb3 Qe7 26. a6 Kg7 27. Rxc7 Qxc7 28. Qb7 Rc8 {1/2-1/2/
Kazhgaleyev,M-Arencibia,W/Elista/1998/1/2-1/2 (44)}) (23. Ra1 $1 Bb8 $6 24. Bb3
$1 Qd6 25. g3 Nxe3 26. Bxf7+ (26. Qxe3 Rc7 27. Rxc7 Qxc7 $13) 26... Kh8 27.
Qxe3 Qf6 28. Be6 Rce8 29. d5 {0-1 Anand,V-Shirov,A/Linares 2000/ (41)}) (23.
Rxa7 Nd2 $17) 23... Qf5 (23... Bb8 24. Bh6 c2 25. Bxc2 $6 (25. Rc1 $1 $16)
25... Nxa5 26. Bxf8 Nxb7 27. Bb3 Qd7 28. Bh6 Nd6 29. Bf4 Qf5 30. Ba2 Nb5 {
1/2-1/2 Nijboer,F-Piket,J/Rotterdam/2000/ (30)}) 24. Qxf5 gxf5 25. Ra1 $1 {
[%mdl 2048] The bishop's pair and white active piece are forcing black into
exact play in an attampt to get enough compensation.} (25. Rxa7 Rb8 $1 $132)
25... f4 (25... Nxe3 $5 26. fxe3 Rc7 27. a6 Re8 28. Kf2 (28. Rf1 Rxe3 29. Rxf5
Ree7 $1) 28... f4 29. exf4 Bxf4 $14) 26. Bc1 Rfe8 27. f3 $1 (27. Kf1 $2 Nd2+ $1
28. Bxd2 cxd2 29. Rd1 (29. Bxf7+ Kf8 30. Bxe8 $2 Rc1+ $19) 29... Rc1 30. Bxf7+
Kf8 31. Bxe8 Rxd1+ 32. Ke2 Ra1 33. Kxd2 Kxe8 $17) 27... c2 (27... Re1+ 28. Kf2
Rh1 29. Ke2 $1 (29. Rxa7 $2 Ne5 $1 30. Bc2 (30. Ke2 Nc6) 30... Nc6 31. Rd7 Nxd4
32. Rxd6 Nxc2 33. Rb1 Re8 $19) 29... Nxa5 30. Rxa5 Rxc1 31. Rxf7 Re8+ 32. Re7+
Kf8 33. Rxe8+ Kxe8 34. Rxa7 Rg1 35. Rxh7 Rxg2+ 36. Kd3 $16) 28. Kf2 $1 (28.
Rxa7 Re1+ 29. Kf2 Bb4 $1 30. Bxc4 (30. Rb7 Bd2) 30... Rxc4 31. Ra8+ Kg7 32. a6
Bd2 33. a7 Rxc1 34. Rg8+ Kxg8 35. a8=Q+ Kg7 36. Qd5 Be3+ 37. Ke2 Rxa1 38. Qg5+
Kf8 39. Qd8+ $11) (28. Bxc2 Nxa5 $1 29. Rb2 Bc7 30. Kh2 Bb6 $11) 28... a6 (
28... Be7 $5 29. Bxf4 Bh4+ 30. g3 Bf6 31. Rd7 Red8 32. Rxd8+ Rxd8 33. Ra2 $1
Bxd4+ 34. Ke2 $16) 29. Ra4 (29. Ra2 Be7 $1 (29... Kg7 $6 30. Bxc2 Nxa5 31. Rd7
$16) 30. Bxf4 (30. Rxe7 Rxe7 31. Rxc2 Nd6 32. Rxc8+ Nxc8 33. Bxf4 $14) 30...
c1=Q 31. Bxc1 Nd6 32. Rxe7 Rxe7 33. Bf4 $14) 29... Nb2 $1 (29... Be7 $2 30.
Rxe7 Rxe7 31. Bxc4 Rb8 32. Bxa6 Rb1 33. Bxf4 c1=Q 34. Bxc1 Rxc1 35. Bd3 $18)
30. Bxf7+ $2 {This move is dropping the advantage, but even the better 30.Bxb2
was not tragic for black.} (30. Bxb2 Be7 $1 31. Rxe7 (31. g3 c1=Q 32. Bxc1 Rxc1
33. Ra2 $1 fxg3+ 34. Kxg3 $14) 31... Rxe7 32. Bc1 Rb7 (32... Rb8 33. Bxc2 Rc8
34. Ra2 Rec7 35. Bf5 $1 $18) 33. Bc4 (33. Ra3 Rb4 34. d5 Rd4 $1 35. Ra4 Rd1 36.
Bxf4 c1=Q 37. Bxc1 Rdxc1 38. Rg4+ $14) 33... Rb1 34. Bxf4 Rc6 $1 35. Bd3 (35.
d5 Rd6) 35... c1=Q 36. Bxc1 Rbxc1 37. g4 $14) 30... Kf8 31. Bxb2 (31. Rxb2 Kxf7
32. Raa2 Be7 $1 (32... Rc4 33. Rxc2 Rxd4 34. Rd2 $16) 33. g3 (33. Rxc2 Bh4+ 34.
g3 Bxg3+ 35. Kg2 Ke6 $1) 33... fxg3+ (33... Bf6 34. Rxc2 Bxd4+ 35. Kg2 fxg3 36.
Kxg3) 34. Kxg3 (34. Kg2 h5) 34... Rc6 35. Rxc2 Rg6+ 36. Kh2 Bd6+ 37. f4 Re1 $11
) 31... c1=Q 32. Bxc1 Rc2+ $1 33. Kf1 (33. Kg1 $2 Re1+ 34. Kh2 Rcxc1 $19) 33...
Rxc1+ 34. Kf2 Rc2+ 35. Kf1 Rc1+ 1/2-1/2